000 00431nam a2200181Ia 4500
001 17164
005 20260306170405.0
008 260306t2002||||xx |||||||||||||| ||und||
041 _aESP
082 _a657.48
_bG84 2002
100 _aGuajardo Cantú, Gerardo
_eAUT
245 0 _aContabilidad Financiera
260 _c2002
300 _a539 páginas :
_c23 cm.
650 _aGEN
654 _aCCO
942 _cLIB
_dJUS
_fJUS
_2ddc
_n
999 _c17164
_d17164